CREASY AND RESNIK`S MATERNAL-FETAL MEDICINE: PRIN & PRACTICE + ONLINE (Record no. 798970)

MARC details
000 -LEADER
fixed length control field 00418pam a2200157 a 4500
020 ## - INTERNATIONAL STANDARD BOOK NUMBER
Terms of availability
041 ## - LANGUAGE CODE
Language code of original
082 ## - DEWEY DECIMAL CLASSIFICATION NUMBER
Classification number 618.2
Item number CRE/RES
100 ## - MAIN ENTRY--PERSONAL NAME
Personal name CREASY R.K, RESHIK R LAMS J. D.
245 ## - TITLE STATEMENT
Title CREASY AND RESNIK`S MATERNAL-FETAL MEDICINE: PRIN & PRACTICE + ONLINE
Medium Textual Documents
250 ## - EDITION STATEMENT
Edition statement 6 ED.
260 ## - PUBLICATION, DISTRIBUTION, ETC.
Name of publisher, distributor, etc. SAUNDERS, ELSEVIER
Date of publication, distribution, etc. 2009
300 ## - PHYSICAL DESCRIPTION
Extent XVII.,1282:
Accompanying material HB.
650 ## - SUBJECT ADDED ENTRY--TOPICAL TERM
Topical term or geographic name entry element OBST.GYNE
930 ## - EQUIVALENCE OR CROSS-REFERENCE-UNIFORM TITLE HEADING [LOCAL, CANADA]
Uniform title 4439
Holdings
Withdrawn status Lost status Damaged status Not for loan Collection Home library Current library Date acquired Source of acquisition Cost, normal purchase price Total Checkouts Full call number Barcode Date last seen Copy number Price effective from Koha item type
          Medical College & Hospital, Sangli Medical College & Hospital, Sangli 04/01/2011 B.M.S.G.B.PUNE 9432.60   618.2 CRE/RES MCS-9292 26/07/2023 1 26/07/2023 Book